[Event "2. Bundesliga Mitte 2016/2017"]
[Site "Leoben, Wolfsberg/Taufkirchen/Fuerstenfeld, Grieskirchen, St. Veit"]
[Date "2016.11.12"]
[Round "4"]
[Board "5"]
[White "Wanderer, Thomas"]
[Black "Ugroczky, Peter"]
[Result "1/2-1/2"]
[WhiteElo "2199"]
[BlackElo "2236"]
[PlyCount "108"]
[EventDate "2016.10.07"]
[EventType "team"]
[EventRounds "11"]
[EventCountry "AUT"]
[WhiteTeam "RbEJ Gleisdorf"]
[BlackTeam "SPG Spk. Fuerstenfeld/Hartberg"]

1. e4 c5 2. Nc3 Nc6 3. g3 g6 4. Bg2 Bg7 5. d3 d6 6. Be3 e6 7. Qd2 Rb8 8. Nf3 b5
9. O-O Nd4 10. Nd1 Ne7 11. Ne1 O-O 12. c3 Ndc6 13. Bh6 d5 14. Bxg7 Kxg7 15.
exd5 exd5 16. d4 cxd4 17. cxd4 b4 18. Nc2 b3 19. axb3 Rxb3 20. Ra3 Rb7 21. b3
Qd6 22. Nde3 Be6 23. Rfa1 Rc8 24. Bf1 Rcc7 25. h4 h5 26. Ba6 Rb6 27. Bd3 Nc8
28. Ng2 Nb4 29. Nxb4 Qxb4 30. Qf4 Rc3 31. Qe5+ f6 32. Qe3 Rxb3 33. Rxa7+ Nxa7
34. Rxa7+ Rb7 35. Ra8 Bf7 36. Nf4 Re7 37. Qf3 Qxd4 38. Ra6 Re1+ 39. Kg2 Rb6 40.
Ra7 f5 41. Qxd5 Qxd5+ 42. Nxd5 Rd6 43. Nf4 Kf6 44. Be2 Be8 45. Bf3 Bf7 46. Nh3
Re7 47. Ra5 Be8 48. Nf4 Bf7 49. Nh3 Re5 50. Ra7 Bd5 51. Bxd5 Rexd5 52. Ra8 Rd8
53. Ra6+ R5d6 54. Ra5 Rd5 1/2-1/2

[Event "2. Bundesliga Mitte 2016/2017"]
[Site "Leoben, Wolfsberg/Taufkirchen/Fuerstenfeld, Grieskirchen, St. Veit"]
[Date "2016.11.12"]
[Round "4"]
[Board "6"]
[White "Toelly, Michael"]
[Black "Missethan, Michael"]
[Result "1-0"]
[WhiteElo "2225"]
[BlackElo "2049"]
[PlyCount "111"]
[EventDate "2016.10.07"]
[EventType "team"]
[EventRounds "11"]
[EventCountry "AUT"]
[WhiteTeam "SPG Spk. Fuerstenfeld/Hartberg"]
[BlackTeam "RbEJ Gleisdorf"]

1. e4 c6 2. c4 d5 3. exd5 cxd5 4. cxd5 Nf6 5. Nc3 Nxd5 6. Nf3 Nc6 7. d4 g6 8.
Bb5 Nxc3 9. bxc3 Qa5 10. Qb3 Bg7 11. O-O O-O 12. Ba3 Be6 13. Qa4 Qxa4 14. Bxa4
Bf6 15. Nd2 Rfc8 16. Ne4 Kg7 17. Bb3 Bxb3 18. axb3 e6 19. Rfd1 Rd8 20. Bb2 b6
21. Rd3 Be7 22. Rad1 Rd7 23. c4 f6 24. d5 exd5 25. cxd5 Nb4 26. R3d2 Rc8 27. g4
Kf7 28. Ba3 a5 29. d6 Bd8 30. Bxb4 axb4 31. Rd4 Rc6 32. Rxb4 f5 33. gxf5 gxf5
34. Ng3 Rdxd6 35. Rxd6 Rxd6 36. Nxf5 Rd2 37. Ne3 Ke6 38. Nc4 Rd1+ 39. Kg2 Rb1
40. Nxb6 Be7 41. Re4+ Kf7 42. Nd5 Bd8 43. b4 Rd1 44. Re5 Rb1 45. Rh5 Kg7 46.
Kf3 h6 47. Ke4 Rb2 48. f3 Bg5 49. f4 Bd8 50. Rh3 Rb1 51. Ke5 Re1+ 52. Kd6 Rb1
53. Kc6 Rc1+ 54. Kd7 Rd1 55. Kxd8 Rxd5+ 56. Kc7 1-0

[Event "2. Bundesliga Mitte 2016/2017"]
[Site "Leoben, Wolfsberg/Taufkirchen/Fuerstenfeld, Grieskirchen, St. Veit"]
[Date "2016.11.12"]
[Round "4"]
[Board "1"]
[White "Schachinger, Mario"]
[Black "Baumegger, Siegfried"]
[Result "0-1"]
[WhiteElo "2425"]
[BlackElo "2444"]
[PlyCount "84"]
[EventDate "2016.10.07"]
[EventType "team"]
[EventRounds "11"]
[EventCountry "AUT"]
[WhiteTeam "SC MPOE Maria Saal 2"]
[BlackTeam "Leoben"]

1. d4 Nf6 2. Bg5 d5 3. e3 e6 4. c4 Be7 5. Nc3 h6 6. Bh4 O-O 7. Rc1 b6 8. cxd5
Nxd5 9. Bxe7 Qxe7 10. Nxd5 exd5 11. Bd3 c5 12. dxc5 bxc5 13. Ne2 Nd7 14. O-O
Nf6 15. Qa4 Be6 16. Qa3 Rfc8 17. Nd4 Rab8 18. Rfe1 Qf8 19. Nxe6 fxe6 20. Qxa7
c4 21. Bg6 Rxb2 22. Qa6 e5 23. Qe6+ Kh8 24. Qxe5 Rxf2 25. Bb1 Rb8 26. Rf1 Rd2
27. Bc2 Re8 28. Qg3 Re2 29. Qg6 Qe7 30. e4 Rxc2 31. Rxc2 Qc5+ 32. Kh1 Rxe4 33.
h3 c3 34. Qg3 d4 35. Qd3 Qe5 36. Rcf2 Re1 37. Rxe1 Qxe1+ 38. Rf1 Qe4 39. Qc4 c2
40. a4 d3 41. Qc3 Nd5 42. Qd2 Qe3 0-1

[Event "2. Bundesliga Mitte 2016/2017"]
[Site "Leoben, Wolfsberg/Taufkirchen/Fuerstenfeld, Grieskirchen, St. Veit"]
[Date "2016.11.12"]
[Round "4"]
[Board "3"]
[White "Handler, Lukas"]
[Black "Enoeckl, Philipp"]
[Result "1-0"]
[WhiteElo "2377"]
[BlackElo "2289"]
[PlyCount "159"]
[EventDate "2016.10.07"]
[EventType "team"]
[EventRounds "11"]
[EventCountry "AUT"]
[WhiteTeam "SC MPOE Maria Saal 2"]
[BlackTeam "Leoben"]

1. c4 g6 2. d4 Bg7 3. Nc3 d6 4. e4 Nf6 5. Be2 O-O 6. Be3 e5 7. d5 Na6 8. g4 Nc5
9. f3 a5 10. Qd2 Ne8 11. h4 f5 12. g5 f4 13. Bxc5 dxc5 14. O-O-O Rf7 15. Nh3
Bf8 16. Nf2 Bd6 17. Bf1 Ng7 18. Bh3 Bxh3 19. Rxh3 Nh5 20. Ng4 Kg7 21. Rh2 Qd7
22. Kb1 Rff8 23. Ne2 a4 24. Nc1 Qe7 25. Qc3 b6 26. Nd3 Rfe8 27. b3 Kf8 28. Nb2
a3 29. Nd3 Ra5 30. Nc1 Ra7 31. Ne2 Ra5 32. Qd3 Rea8 33. Nc3 Qd7 34. Rg1 Kg7 35.
Nb5 Qe7 36. Qc3 Re8 37. Qc1 Rea8 38. Qc3 Re8 39. Nf2 Ng3 40. Nd3 Kg8 41. Qc1
Rea8 42. Ne1 Qe8 43. Nd3 Qe7 44. Qc3 Re8 45. Nc1 Qd7 46. Qd3 Kf7 47. Ne2 Nh5
48. Qc3 Qe7 49. Qc1 Rea8 50. Qf1 Qe8 51. Nec3 Ng3 52. Qh3 R8a6 53. Rd1 Ra8 54.
Qg4 Qc8 55. Qe6+ Qxe6 56. dxe6+ Kxe6 57. Rhd2 Rd8 58. Nd5 Rxb5 59. cxb5 Rb8 60.
Kc2 Nh5 61. Kc3 Ng7 62. b4 Ne8 63. Kb3 Ra8 64. bxc5 Bxc5 65. Rb1 Ra5 66. Kc2
Nd6 67. Nxc7+ Kd7 68. Nd5 Bd4 69. Rd3 Nxb5 70. Rdb3 Nd6 71. Nxb6+ Kc6 72. Kd3
Bb2 73. Nd5 Nb5 74. h5 Kc5 75. hxg6 hxg6 76. Rh1 Ra4 77. Rh8 Rd4+ 78. Ke2 Rxd5
79. Rxb5+ Kxb5 80. exd5 1-0

[Event "2. Bundesliga Mitte 2016/2017"]
[Site "Leoben, Wolfsberg/Taufkirchen/Fuerstenfeld, Grieskirchen, St. Veit"]
[Date "2016.11.12"]
[Round "4"]
[Board "4"]
[White "Dietmayer-Kraeutler, Marco"]
[Black "Hartl, Daniel"]
[Result "1/2-1/2"]
[WhiteElo "2244"]
[BlackElo "2282"]
[PlyCount "91"]
[EventDate "2016.10.07"]
[EventType "team"]
[EventRounds "11"]
[EventCountry "AUT"]
[WhiteTeam "Leoben"]
[BlackTeam "SC MPOE Maria Saal 2"]

1. d4 d5 2. c4 c6 3. Nc3 dxc4 4. a4 e5 5. dxe5 Qxd1+ 6. Kxd1 Be6 7. e4 f6 8.
exf6 Nxf6 9. f3 Na6 10. Be3 O-O-O+ 11. Ke2 Bc5 12. g3 Rd3 13. Bxc5 Nxc5 14. Ke1
Rd7 15. Nh3 Nd3+ 16. Bxd3 cxd3 17. Nf4 d2+ 18. Kf2 Bb3 19. h4 Rhd8 20. Nd1 Rd4
21. Ra3 Rb4 22. a5 Bxd1 23. Rxd1 Rxb2 24. Ke3 Rc2 25. Ne6 Rd7 26. Nd4 Rb2 27.
a6 c5 28. axb7+ Kxb7 29. Ne6 Kb6 30. Rd3 c4 31. Rxd7 Nxd7 32. Rxd2 Rxd2 33.
Kxd2 g6 34. Kc3 Kb5 35. g4 h6 36. g5 hxg5 37. hxg5 a5 38. f4 a4 39. Nd4+ Kc5
40. Nc2 Nf8 41. f5 Kd6 42. Kd4 Nh7 43. e5+ Ke7 44. fxg6 Nxg5 45. Kxc4 Kf8 46.
Kb4 1/2-1/2

[Event "2. Bundesliga Mitte 2016/2017"]
[Site "Leoben, Wolfsberg/Taufkirchen/Fuerstenfeld, Grieskirchen, St. Veit"]
[Date "2016.11.12"]
[Round "4"]
[Board "5"]
[White "Steiner, Josef"]
[Black "Sandner, Wolfgang"]
[Result "1/2-1/2"]
[WhiteElo "2116"]
[BlackElo "2256"]
[PlyCount "78"]
[EventDate "2016.10.07"]
[EventType "team"]
[EventRounds "11"]
[EventCountry "AUT"]
[WhiteTeam "SC MPOE Maria Saal 2"]
[BlackTeam "Leoben"]

1. Nf3 Nf6 2. g3 g6 3. Bg2 Bg7 4. c4 d6 5. Nc3 O-O 6. O-O c5 7. d4 Na6 8. d5
Rb8 9. Nd2 Nc7 10. a4 b6 11. h3 a6 12. Qc2 Bb7 13. e4 Ba8 14. Re1 Nd7 15. f4 b5
16. axb5 axb5 17. cxb5 e6 18. Qd3 exd5 19. Nxd5 Nxd5 20. exd5 Nb6 21. Nc4 Qf6
22. Kh2 h5 23. h4 Rfd8 24. Na5 Re8 25. Rd1 Bb7 26. Nc6 Ra8 27. Rxa8 Rxa8 28. f5
Ra2 29. fxg6 Kh8 30. gxf7 Qxf7 31. Rf1 Qe8 32. Rf5 Bc8 33. Rf2 Bg4 34. Bf4 Qe1
35. Qg6 Qxf2 36. Qe8+ Kh7 37. Qe4+ Kh8 38. Qe8+ Kh7 39. Qe4+ Kh8 1/2-1/2

[Event "2. Bundesliga Mitte 2016/2017"]
[Site "Leoben, Wolfsberg/Taufkirchen/Fuerstenfeld, Grieskirchen, St. Veit"]
[Date "2016.11.12"]
[Round "4"]
[Board "6"]
[White "Schein, Karl-Heinz"]
[Black "Ramusch, Arnulf"]
[Result "1-0"]
[WhiteElo "2186"]
[BlackElo "1979"]
[PlyCount "79"]
[EventDate "2016.10.07"]
[EventType "team"]
[EventRounds "11"]
[EventCountry "AUT"]
[WhiteTeam "Leoben"]
[BlackTeam "SC MPOE Maria Saal 2"]

1. e4 c5 2. Nf3 e6 3. d3 Nc6 4. g3 g6 5. Bg2 Bg7 6. O-O Nge7 7. c3 b6 8. d4
cxd4 9. cxd4 Ba6 10. Re1 O-O 11. Nc3 d6 12. Bf4 e5 13. Be3 b5 14. Bf1 Qa5 15.
d5 Nb8 16. a3 Rc8 17. b4 Qd8 18. Nxb5 Qd7 19. a4 Bxb5 20. axb5 Qb7 21. Nd2 Nd7
22. Nc4 Qb8 23. Na5 Nb6 24. Nc6 Qb7 25. Ra6 Nxc6 26. bxc6 Qb8 27. Qa1 f5 28. f3
Bf6 29. Qa2 Rf8 30. Ra1 Nc8 31. b5 Bd8 32. Kg2 Rf7 33. Bd3 f4 34. gxf4 exf4 35.
Bd4 Nb6 36. Qf2 Bc7 37. Bxb6 Bxb6 38. Qxb6 Qf8 39. Rxa7 Rb8 40. Qxb8 1-0

[Event "2. Bundesliga Mitte 2016/2017"]
[Site "Leoben, Wolfsberg/Taufkirchen/Fuerstenfeld, Grieskirchen, St. Veit"]
[Date "2016.11.12"]
[Round "4"]
[Board "1"]
[White "Reichmann, Egon"]
[Black "Pilaj, Herwig"]
[Result "1/2-1/2"]
[WhiteElo "2266"]
[BlackElo "2390"]
[PlyCount "52"]
[EventDate "2016.10.07"]
[EventType "team"]
[EventRounds "11"]
[EventCountry "AUT"]
[WhiteTeam "SV Wolfsberg"]
[BlackTeam "SC DieKlagenfurter"]

1. d4 Nf6 2. Nf3 g6 3. c4 Bg7 4. Nc3 d6 5. e4 O-O 6. Be2 e5 7. O-O Na6 8. d5
Nc5 9. Qc2 a5 10. b3 Bd7 11. Ne1 c6 12. f3 Nh5 13. Nd3 Nxd3 14. Bxd3 c5 15. Nb5
Qe7 16. Bd2 f5 17. Nc7 Ra7 18. Nb5 Raa8 19. Nc7 Ra7 20. Nb5 Bxb5 21. cxb5 f4
22. a3 Qd8 23. b4 cxb4 24. axb4 Qb6+ 25. Kh1 Qd8 26. Kg1 Qb6+ 1/2-1/2

[Event "2. Bundesliga Mitte 2016/2017"]
[Site "Leoben, Wolfsberg/Taufkirchen/Fuerstenfeld, Grieskirchen, St. Veit"]
[Date "2016.11.12"]
[Round "4"]
[Board "2"]
[White "Wertjanz, David"]
[Black "Toefferl, Heimo"]
[Result "1-0"]
[WhiteElo "2298"]
[BlackElo "2096"]
[PlyCount "71"]
[EventDate "2016.10.07"]
[EventType "team"]
[EventRounds "11"]
[EventCountry "AUT"]
[WhiteTeam "SC DieKlagenfurter"]
[BlackTeam "SV Wolfsberg"]

1. e4 e6 2. d4 d5 3. Nd2 Nc6 4. Ngf3 Nf6 5. e5 Nd7 6. Nb3 f6 7. Bb5 a6 8. Bxc6
bxc6 9. O-O Be7 10. exf6 Bxf6 11. Re1 Qe7 12. Bf4 Ra7 13. Qe2 Nb6 14. Nc5 O-O
15. c3 Re8 16. Rad1 Nd7 17. Qxe6+ Qxe6 18. Nxe6 Nf8 19. Nxc7 Rxe1+ 20. Rxe1 Bd7
21. Ne8 Bd8 22. Nd6 Bc7 23. Bg3 Ng6 24. Nc8 Bxg3 25. Nxa7 Bc7 26. Ne5 Nxe5 27.
dxe5 Kf8 28. e6 Be8 29. Nc8 Bg6 30. e7+ Ke8 31. Na7 c5 32. Nc6 Be4 33. c4 Bg6
34. cxd5 Bf7 35. d6 Bxd6 36. Rd1 1-0

[Event "2. Bundesliga Mitte 2016/2017"]
[Site "Leoben, Wolfsberg/Taufkirchen/Fuerstenfeld, Grieskirchen, St. Veit"]
[Date "2016.11.12"]
[Round "4"]
[Board "3"]
[White "Waldmann, Gerald"]
[Black "Genser, Harald"]
[Result "1/2-1/2"]
[WhiteElo "2125"]
[BlackElo "2304"]
[PlyCount "61"]
[EventDate "2016.10.07"]
[EventType "team"]
[EventRounds "11"]
[EventCountry "AUT"]
[WhiteTeam "SV Wolfsberg"]
[BlackTeam "SC DieKlagenfurter"]

1. e4 e6 2. d4 d5 3. Nd2 c5 4. exd5 Qxd5 5. Ngf3 cxd4 6. Bc4 Qd6 7. O-O Nf6 8.
Nb3 Nc6 9. Nbxd4 Nxd4 10. Nxd4 a6 11. Re1 Qc7 12. Bb3 Bd6 13. h3 O-O 14. Qf3
Bd7 15. Bg5 Bc5 16. Rad1 h6 17. Bc1 Rad8 18. c3 Bxd4 19. Rxd4 Bc6 20. Qe3 Rxd4
21. Qxd4 Rd8 22. Qf4 Qxf4 23. Bxf4 Kf8 24. Rd1 Rxd1+ 25. Bxd1 Ke7 26. Be5 Ne8
27. f4 f6 28. Bb8 Nd6 29. Bxd6+ Kxd6 30. Kf2 e5 31. fxe5+ 1/2-1/2

[Event "2. Bundesliga Mitte 2016/2017"]
[Site "Leoben, Wolfsberg/Taufkirchen/Fuerstenfeld, Grieskirchen, St. Veit"]
[Date "2016.11.12"]
[Round "4"]
[Board "4"]
[White "Petschar, Kurt"]
[Black "Sternat, Roland"]
[Result "1-0"]
[WhiteElo "2288"]
[BlackElo "2103"]
[PlyCount "67"]
[EventDate "2016.10.07"]
[EventType "team"]
[EventRounds "11"]
[EventCountry "AUT"]
[WhiteTeam "SC DieKlagenfurter"]
[BlackTeam "SV Wolfsberg"]

1. d4 d5 2. c4 e6 3. Nc3 f5 4. cxd5 exd5 5. Bf4 c6 6. e3 Nf6 7. Bd3 Bd6 8. Nge2
O-O 9. O-O Ne4 10. Qc2 Qe7 11. Rae1 Nd7 12. f3 Nxc3 13. bxc3 Nb6 14. a4 Bxf4
15. Nxf4 g5 16. Nh3 Be6 17. a5 Nc4 18. Bxc4 dxc4 19. Nf2 Qc7 20. Qa2 Rae8 21.
e4 b5 22. axb6 axb6 23. exf5 Rxf5 24. Ng4 Kg7 25. Re4 Rff8 26. Rfe1 Qc8 27. Qe2
Bf7 28. Qe3 Qd8 29. Re5 Bg6 30. Ra1 Bf5 31. Ra7+ Kg6 32. h4 h5 33. Rxe8 Rxe8
34. Ne5+ 1-0

[Event "2. Bundesliga Mitte 2016/2017"]
[Site "Leoben, Wolfsberg/Taufkirchen/Fuerstenfeld, Grieskirchen, St. Veit"]
[Date "2016.11.12"]
[Round "4"]
[Board "5"]
[White "Schoenangerer, Herbert"]
[Black "Titz, Heimo"]
[Result "1/2-1/2"]
[WhiteElo "2097"]
[BlackElo "2172"]
[PlyCount "83"]
[EventDate "2016.10.07"]
[EventType "team"]
[EventRounds "11"]
[EventCountry "AUT"]
[WhiteTeam "SV Wolfsberg"]
[BlackTeam "SC DieKlagenfurter"]

1. e4 c5 2. Nc3 Nc6 3. g3 g6 4. Bg2 Bg7 5. d3 d6 6. f4 e6 7. Bd2 Nge7 8. Nf3
Rb8 9. Rb1 b5 10. a3 a5 11. a4 b4 12. Nb5 Nd4 13. c4 Nec6 14. O-O O-O 15. Be3
Bb7 16. Qd2 Nxf3+ 17. Bxf3 Nd4 18. Bg2 Bc6 19. Bxd4 cxd4 20. f5 Be5 21. Qh6 Qe7
22. fxg6 fxg6 23. Rxf8+ Rxf8 24. Rf1 Rxf1+ 25. Bxf1 Qf6 26. Bg2 Qe7 27. Qd2 Kg7
28. Qf2 Qf6 29. Qxf6+ Kxf6 30. Kf2 Ke7 31. h3 Be8 32. b3 Kd7 33. Bf3 Kc6 34. g4
g5 35. Ke2 Kb6 36. Kd2 Bf4+ 37. Ke2 Kc5 38. Bg2 Bd7 39. Bf3 Be5 40. Bg2 Be8 41.
Bf3 h6 42. Bg2 1/2-1/2

[Event "2. Bundesliga Mitte 2016/2017"]
[Site "Leoben, Wolfsberg/Taufkirchen/Fuerstenfeld, Grieskirchen, St. Veit"]
[Date "2016.11.12"]
[Round "4"]
[Board "6"]
[White "Jakits, Leopold"]
[Black "Huber, Mario"]
[Result "1/2-1/2"]
[WhiteElo "2135"]
[BlackElo "1987"]
[PlyCount "62"]
[EventDate "2016.10.07"]
[EventType "team"]
[EventRounds "11"]
[EventCountry "AUT"]
[WhiteTeam "SC DieKlagenfurter"]
[BlackTeam "SV Wolfsberg"]

1. c4 e5 2. g3 Nc6 3. Nc3 a6 4. Nf3 Bc5 5. Bg2 d6 6. a3 Ba7 7. b4 Rb8 8. Bb2
Nge7 9. e3 Be6 10. d3 Qd7 11. Rc1 Bh3 12. O-O O-O 13. Nd5 Bxg2 14. Kxg2 Nxd5
15. cxd5 Ne7 16. d4 e4 17. Ng5 Qf5 18. h4 Nxd5 19. Nh3 c6 20. Kh2 Rbe8 21. Nf4
Nf6 22. d5 Ng4+ 23. Kh1 Ne5 24. dxc6 bxc6 25. Qh5 Qxh5 26. Nxh5 c5 27. Rcd1 Re6
28. Rd5 Rh6 29. g4 f6 30. Bxe5 fxe5 31. Kg2 Rb8 1/2-1/2

[Event "2. Bundesliga Mitte 2016/2017"]
[Site "Leoben, Wolfsberg/Taufkirchen/Fuerstenfeld, Grieskirchen, St. Veit"]
[Date "2016.11.13"]
[Round "5"]
[Board "1"]
[White "Branding, Volker"]
[Black "Schmidt, Peter"]
[Result "0-1"]
[WhiteElo "2167"]
[BlackElo "2383"]
[PlyCount "38"]
[EventDate "2016.10.07"]
[EventType "team"]
[EventRounds "11"]
[EventCountry "AUT"]
[WhiteTeam "SV Gmunden"]
[BlackTeam "SPG Sauwald"]

1. e4 d6 2. Nc3 Nf6 3. f4 g6 4. Nf3 Bg7 5. d4 O-O 6. Bd3 Na6 7. O-O c5 8. d5
Bg4 9. Bc4 Nc7 10. a4 a6 11. Qd3 b6 12. Nd2 Bd7 13. Ra3 Qc8 14. Rb3 Rb8 15. Nf3
b5 16. axb5 axb5 17. Nxb5 Nxb5 18. Bxb5 Rxb5 19. Rxb5 c4 0-1

[Event "2. Bundesliga Mitte 2016/2017"]
[Site "Leoben, Wolfsberg/Taufkirchen/Fuerstenfeld, Grieskirchen, St. Veit"]
[Date "2016.11.13"]
[Round "5"]
[Board "2"]
[White "Renner, Christoph"]
[Black "Kleibel, Uwe"]
[Result "1-0"]
[WhiteElo "2343"]
[BlackElo "2181"]
[PlyCount "61"]
[EventDate "2016.10.07"]
[EventType "team"]
[EventRounds "11"]
[EventCountry "AUT"]
[WhiteTeam "SPG Sauwald"]
[BlackTeam "SV Gmunden"]

1. e4 d6 2. Nc3 Nf6 3. f4 d5 4. e5 d4 5. exf6 dxc3 6. fxg7 cxd2+ 7. Qxd2 Qxd2+
8. Bxd2 Bxg7 9. O-O-O Nc6 10. Bb5 Be6 11. Ne2 O-O-O 12. Bxc6 bxc6 13. Bc3 Bxc3
14. Nxc3 Bd5 15. Rhe1 e6 16. Ne4 Bxe4 17. Rxe4 Rd5 18. c4 Rxd1+ 19. Kxd1 Rd8+
20. Ke2 Kb7 21. b3 Kb6 22. Re5 Rd7 23. g4 c5 24. Rh5 f6 25. Rh6 Rf7 26. g5 fxg5
27. Rxe6+ Ka5 28. fxg5 Kb4 29. Ra6 Rf4 30. h3 Rh4 31. Kd2 1-0

[Event "2. Bundesliga Mitte 2016/2017"]
[Site "Leoben, Wolfsberg/Taufkirchen/Fuerstenfeld, Grieskirchen, St. Veit"]
[Date "2016.11.13"]
[Round "5"]
[Board "3"]
[White "Rolletschek, Heinrich"]
[Black "Testor, Sebastian"]
[Result "1/2-1/2"]
[WhiteElo "2170"]
[BlackElo "2303"]
[PlyCount "57"]
[EventDate "2016.10.07"]
[EventType "team"]
[EventRounds "11"]
[EventCountry "AUT"]
[WhiteTeam "SV Gmunden"]
[BlackTeam "SPG Sauwald"]

1. e4 e6 2. d3 d5 3. Nd2 c5 4. Ngf3 Nc6 5. g3 Bd6 6. Bg2 Nge7 7. O-O O-O 8. c3
b6 9. exd5 exd5 10. d4 cxd4 11. Nxd4 Nxd4 12. cxd4 Bf5 13. Nb1 Qd7 14. Re1 Rac8
15. Nc3 Bb4 16. Bd2 Rc4 17. a3 Bxc3 18. Bxc3 Rfc8 19. Rc1 Be6 20. Qd2 R4c7 21.
b3 Nf5 22. Bf1 Nd6 23. f3 a5 24. a4 Bf5 25. Ba6 Ra8 26. Bf1 Rac8 27. Ba6 Ra8
28. Bf1 Rac8 29. Ba6 1/2-1/2

[Event "2. Bundesliga Mitte 2016/2017"]
[Site "Leoben, Wolfsberg/Taufkirchen/Fuerstenfeld, Grieskirchen, St. Veit"]
[Date "2016.11.13"]
[Round "5"]
[Board "4"]
[White "Hellmayr, Alois"]
[Black "Haas, Michael"]
[Result "1/2-1/2"]
[WhiteElo "2202"]
[BlackElo "2046"]
[PlyCount "64"]
[EventDate "2016.10.07"]
[EventType "team"]
[EventRounds "11"]
[EventCountry "AUT"]
[WhiteTeam "SPG Sauwald"]
[BlackTeam "SV Gmunden"]

1. Nf3 d5 2. g3 Nf6 3. d4 e6 4. Bg2 Be7 5. O-O O-O 6. b3 b6 7. Bb2 Bb7 8. Nbd2
Nbd7 9. c4 c5 10. Rc1 Rc8 11. e3 dxc4 12. bxc4 Qc7 13. Qe2 Ne4 14. Rfd1 Nxd2
15. Qxd2 Nf6 16. Qe2 Rfd8 17. h4 Be4 18. Bh3 Rb8 19. Nd2 Bc6 20. Bg2 Bxg2 21.
Kxg2 b5 22. Nb3 bxc4 23. Rxc4 Qb7+ 24. Qf3 Qa6 25. Rc2 Qxa2 26. Nc1 Qa4 27. Qe2
cxd4 28. Rxd4 Qa5 29. Nd3 Rxd4 30. Bxd4 Qd5+ 31. Qf3 a5 32. Rc7 Qxf3+ 1/2-1/2

[Event "2. Bundesliga Mitte 2016/2017"]
[Site "Leoben, Wolfsberg/Taufkirchen/Fuerstenfeld, Grieskirchen, St. Veit"]
[Date "2016.11.13"]
[Round "5"]
[Board "5"]
[White "Topf, Christian"]
[Black "Hiermann, Dietmar"]
[Result "0-1"]
[WhiteElo "1992"]
[BlackElo "2238"]
[PlyCount "100"]
[EventDate "2016.10.07"]
[EventType "team"]
[EventRounds "11"]
[EventCountry "AUT"]
[WhiteTeam "SV Gmunden"]
[BlackTeam "SPG Sauwald"]

1. b3 d5 2. Bb2 Bf5 3. e3 Nd7 4. Nf3 h6 5. Bd3 Bxd3 6. cxd3 Ngf6 7. d4 e6 8.
O-O c6 9. d3 Be7 10. Nbd2 Qa5 11. Ne5 Qa6 12. f4 g6 13. Ndf3 Rf8 14. a3 Nxe5
15. dxe5 Nd7 16. b4 Nb6 17. Bd4 Qa4 18. Qe2 Nd7 19. Rfc1 Rc8 20. Bc5 Nxc5 21.
bxc5 Kd7 22. Qb2 Rb8 23. Qb4 Qa6 24. Qc3 Rfc8 25. Nd4 Bd8 26. e4 Ba5 27. Qc2
dxe4 28. dxe4 Rd8 29. f5 Ke7 30. Rd1 Bc7 31. fxe6 Bxe5 32. Qf2 f6 33. Rac1 Qa4
34. Nc2 Qxe4 35. Re1 Qf4 36. Qxf4 Bxf4 37. Red1 Rxd1+ 38. Rxd1 Kxe6 39. Nd4+
Ke7 40. Re1+ Be5 41. Nf3 Rd8 42. Nxe5 fxe5 43. Rxe5+ Kf6 44. Re3 b5 45. cxb6
axb6 46. Rb3 b5 47. a4 bxa4 48. Rb6 Ra8 49. Rxc6+ Ke5 50. Rc2 a3 0-1

[Event "2. Bundesliga Mitte 2016/2017"]
[Site "Leoben, Wolfsberg/Taufkirchen/Fuerstenfeld, Grieskirchen, St. Veit"]
[Date "2016.11.13"]
[Round "5"]
[Board "6"]
[White "Taggatz, Mario"]
[Black "Holzleithner, Johannes"]
[Result "1-0"]
[WhiteElo "2174"]
[BlackElo "2006"]
[PlyCount "103"]
[EventDate "2016.10.07"]
[EventType "team"]
[EventRounds "11"]
[EventCountry "AUT"]
[WhiteTeam "SPG Sauwald"]
[BlackTeam "SV Gmunden"]

1. d4 Nf6 2. Bf4 d5 3. e3 c5 4. c3 Nc6 5. Nd2 Bf5 6. Ngf3 e6 7. Qa4 Bd6 8. Bb5
O-O 9. dxc5 Bxf4 10. exf4 Nd7 11. Nb3 Qe7 12. Nfd4 Nxc5 13. Nxc5 Qxc5 14. Bxc6
bxc6 15. Qxc6 Qe7 16. O-O Be4 17. Qa6 Qc7 18. f3 Bg6 19. g3 Rab8 20. Rf2 Rb6
21. Qa5 Qb7 22. b4 Rc8 23. Qa3 Qa6 24. Qxa6 Rxa6 25. a4 Rxc3 26. b5 Rb6 27. a5
Rb8 28. Rb2 Rc4 29. b6 a6 30. Nb5 Bd3 31. Rd1 Rc2 32. Rxc2 Bxc2 33. Rc1 Bd3 34.
b7 Bc4 35. Nd6 Kf8 36. Nxc4 dxc4 37. Rxc4 Rxb7 38. Rc6 Ra7 39. Kf2 Ke7 40. Ke3
Kd7 41. Rb6 Ke7 42. h4 f5 43. g4 g6 44. g5 Kf7 45. Rc6 Ke7 46. Kd4 Kd7 47. Rb6
Ke7 48. Ke5 Kf7 49. Kd6 Re7 50. Rc6 Re8 51. Rc7+ Kg8 52. Ra7 1-0

[Event "2. Bundesliga Mitte 2016/2017"]
[Site "Leoben, Wolfsberg/Taufkirchen/Fuerstenfeld, Grieskirchen, St. Veit"]
[Date "2016.11.13"]
[Round "5"]
[Board "1"]
[White "Haba, Petr"]
[Black "Weiss, Christian"]
[Result "1/2-1/2"]
[WhiteElo "2457"]
[BlackElo "2360"]
[PlyCount "91"]
[EventDate "2016.10.07"]
[EventType "team"]
[EventRounds "11"]
[EventCountry "AUT"]
[WhiteTeam "Spg. Grieskirchen/Schallerbach"]
[BlackTeam "Union Ansfelden"]

1. d4 c5 2. d5 e6 3. Nc3 d6 4. e4 exd5 5. Nxd5 Nc6 6. Ne2 Nge7 7. Nec3 Nxd5 8.
Nxd5 Be6 9. Bf4 g5 10. Bg3 Bg7 11. c3 Be5 12. Qh5 a6 13. Bc4 Bxg3 14. hxg3 Ne5
15. Nc7+ Qxc7 16. Bxe6 Qe7 17. Bd5 O-O-O 18. O-O-O Kb8 19. f4 gxf4 20. gxf4 Ng6
21. g3 f6 22. Rd2 Nf8 23. Qg4 Nd7 24. Qe6 Rde8 25. Qxe7 Rxe7 26. Rh6 Kc7 27.
Rdh2 b5 28. b4 Rg7 29. R2h3 cxb4 30. cxb4 Nb6 31. Be6 d5 32. exd5 Kd6 33. Rxf6
Nxd5 34. Bxd5+ Kxd5 35. Rxa6 Rc8+ 36. Kb2 Re8 37. Rh5+ Kd4 38. Re5 Rxe5 39.
fxe5 Kxe5 40. Rb6 Kd4 41. Rxb5 Kc4 42. Rb8 Rxg3 43. b5 Kb4 44. b6 Rg2+ 45. Kc1
Ka5 46. Kd1 1/2-1/2

[Event "2. Bundesliga Mitte 2016/2017"]
[Site "Leoben, Wolfsberg/Taufkirchen/Fuerstenfeld, Grieskirchen, St. Veit"]
[Date "2016.11.13"]
[Round "5"]
[Board "2"]
[White "Felsberger, Alfred"]
[Black "Kilgus, Georg"]
[Result "1-0"]
[WhiteElo "2339"]
[BlackElo "2391"]
[PlyCount "69"]
[EventDate "2016.10.07"]
[EventType "team"]
[EventRounds "11"]
[EventCountry "AUT"]
[WhiteTeam "Union Ansfelden"]
[BlackTeam "Spg. Grieskirchen/Schallerbach"]

1. e4 d6 2. d4 Nf6 3. Nc3 g6 4. Nf3 Bg7 5. Be2 O-O 6. O-O a6 7. Re1 b5 8. e5
dxe5 9. dxe5 Ng4 10. Bf4 Nd7 11. e6 fxe6 12. Ng5 Nxf2 13. Qd2 Nb6 14. Qxd8 Rxd8
15. Kxf2 Bd4+ 16. Be3 e5 17. Rad1 Bf5 18. Bf3 Rab8 19. g4 Bxc2 20. Rc1 Bd3 21.
b3 b4 22. Nce4 Bxe4 23. Bxe4 Rd7 24. Ne6 a5 25. Red1 c5 26. Nxc5 Rd6 27. Nb7
Rf8+ 28. Ke2 Rdf6 29. Bxd4 exd4 30. Rf1 Rf4 31. Rxf4 Rxf4 32. Bf3 Nd7 33. Nc5
Ne5 34. Bd5+ Kh8 35. Ne6 1-0